[Event "Le Port Marly Paribas blitz op"]
[Site "Le Port Marly"]
[Date "2014.??.??"]
[Round "4"]
[White "Duval, Thomas"]
[Black "Devallee, Jeremie"]
[Result "0-1"]
[WhiteElo "1689"]
[BlackElo "2123"]
[PlyCount "103"]
[EventDate "2014.06.14"]
[EventType "swiss (blitz)"]
[EventRounds "15"]
[EventCountry "FRA"]
[SourceTitle "EXT 2015"]
[Source "ChessBase"]
[SourceDate "2014.11.20"]
[SourceVersion "1"]
[SourceVersionDate "2014.11.20"]
[SourceQuality "1"]

1. e4 e5 2. Nf3 Nc6 3. d4 exd4 4. Nxd4 Bc5 5. Be3 Qf6 6. c3 Nge7 7. Be2 d6 8. 0-0 Bb6 9. Kh1 Bd7 10. Na3 0-0 11. Nac2 Rfe8 12. Qd2 Ng6 13. Bg5 Qe5 14. f4 Qa5 15. b4 Nxb4 16. cxb4 Qa4 17. Bd3 a5 18. a3 Bxd4 19. Nxd4 axb4 20. Nc2 b3 21. Nb4 Qa5 22. Qb2 f6 23. Qxb3+ Be6 24. Bc4 Bxc4 25. Qxc4+ Kh8 26. f5 Ne5 27. Qc1 fxg5 28. Qxg5 Nd7 29. Rf4 Qe5 30. Raf1 Qf6 31. Qg3 c6 32. Qh3 Re5 33. Rh4 Nf8 34. Nd3 Rxa3 35. Rb1 Re7 36. Qg4 Rxd3 37. Rc1 c5 38. h3 h6 39. Qe2 Qxh4 40. Qxd3 Qf6 41. Rb1 Rc7 42. Qa3 Nd7 43. Qa8+ Nf8 44. Qa2 Qe5 45. Qc2 Re7 46. Re1 b5 47. Qd3 b4 48. Qc2 Nd7 49. Qd3 Nf6 50. Qa6 Nxe4 51. Qc8+ Kh7 52. Rxe4 0-1